[Event "Nezhmetdinov Memorial 30th"]
[Site "Kazan"]
[Date "2008.06.07"]
[Round "7"]
[White "Imamov, Ildar"]
[Black "Fedotov, Ivan"]
[Result "1/2-1/2"]
[WhiteElo "2268"]
[BlackElo "1976"]
[PlyCount "123"]
[EventDate "2008.06.01"]
[EventType "swiss"]
[EventRounds "9"]
[EventCountry "RUS"]
[SourceTitle "EXT 2009"]
[Source "ChessBase"]
[SourceDate "2008.11.26"]
[SourceVersion "1"]
[SourceVersionDate "2008.11.26"]
[SourceQuality "1"]

1. d4 Nf6 2. c4 c5 3. d5 b5 4. cxb5 a6 5. bxa6 g6 6. Nc3 Bxa6 7. e4 Bxf1 8. Kxf1 d6 9. Nf3 Bg7 10. g3 0-0 11. Kg2 Nbd7 12. Qc2 Ng4 13. b3 Qa5 14. Bb2 Rfb8 15. Nd1 Ngf6 16. Ne3 Qb4 17. Nd2 Nxe4 18. Bxg7 Nxd2 19. Bc3 Qe4+ 20. Qxe4 Nxe4 21. Rhc1 Nxc3 22. Rxc3 Nf6 23. Rd3 Ne8 24. Nc4 Kf8 25. a4 Ng7 26. g4 Ne8 27. Re1 Nf6 28. h3 Ra7 29. Ree3 Kg7 30. Rf3 h5 31. Rf4 Rab7 32. Nd2 hxg4 33. hxg4 Nd7 34. a5 Ne5 35. Re3 g5 36. Ra4 Ng6 37. a6 Ra7 38. Kf3 Nf4 39. Ke4 Rb6 40. Re1 Rbxa6 41. Rea1 Rxa4+ 42. bxa4 e6 43. dxe6 fxe6 44. a5 Kf6 45. Ke3 Nd5+ 46. Kd3 Nc7 47. Ne4+ Ke5 48. Nxg5 Kf4 49. Nf7 d5 50. g5 e5 51. g6 Ne6 52. a6 e4+ 53. Kc3 d4+ 54. Kc4 d3 55. Kd5 d2 56. Nd6 Ng7 57. Nxe4 Rxa6 58. Rd1 Rxg6 59. Nxc5 Nf5 60. Nd3+ Kg5 61. Rxd2 Rg8 62. Rd1 1/2-1/2